Stellar Roles - Statystyki

Ogólne statystyki
  • Ten quiz został rozwiązany 3 razy
  • Średni wynik to 17 z 46
Statystyki odpowiedzi
Hint Odpowiedź % Poprawnych
Neutral Roles Jester
100%
Neutral Roles Arsonist
67%
Impostor Roles Bomber
67%
Neutral Roles Executioner
67%
Impostor Roles Hacker
67%
Neutral Killer Roles HeadHunter
67%
Crewmate Roles Jailor
67%
Impostor Roles Miner
67%
Impostor Roles Morphling
67%
Neutral Killer Roles Pyromaniac
67%
Neutral Roles Romantic
67%
Neutral Roles Scavenger
67%
Impostor Roles Shade
67%
Crewmate Roles Sheriff
67%
Impostor Roles Undertaker
67%
Impostor Roles Vampire
67%
Impostor Roles Warlock
67%
Crewmate Roles Watcher
67%
Crewmate Roles Administrator
33%
Impostor Roles Camouflager
33%
Crewmate Roles Engineer
33%
Modifier Giant
33%
Modifier Gopher
33%
Impostor Roles Janitor
33%
Crewmate Roles Mayor
33%
Crewmate Roles Medic
33%
Modifier Mini
33%
Neutral Killer Roles Nightmare
33%
Modifier Sleepwalker
33%
Crewmate Roles Spy
33%
Crewmate Roles Tracker
33%
Crewmate Roles Trapper
33%
Impostor Roles Wraith
33%
Impostor Roles Assasin
0%
Impostor Roles Changaling
0%
Modifier Clutch
0%
Impostor Roles Cultist
0%
Crewmate Roles Detective
0%
Crewmate Roles Guardian
0%
Crewmate Roles Investigator
0%
Crewmate Roles Parity Cop
0%
Crewmate Roles Psychic
0%
Neutral Roles Refugee
0%
Modifier Sniper
0%
Modifier Spiteful
0%
Crewmate Roles Vigilante
0%
Nie znaleziono quizów pasujących do podanych kryteriów
Rozkład punktacji
Procent ludzi z każdym wynikiem
Percentyl według liczby udzielonych odpowiedzi
Twoja historia wyników
Nie rozwiązałeś tego quizu